Comunicado de la Asamblea Sandinista: a defender el voto /

Shranjeno v:
Bibliografske podrobnosti
Glavni avtor: Cuadra, Scarlet
Format: Texto
Oznake: Označite
Brez oznak, prvi označite!

MARC

LEADER 00000 a a2200000 04500
001 46019
003
040 |a CRAI/IIS  |c CRAI/IIS 
100 |a Cuadra, Scarlet  
245 |a Comunicado de la Asamblea Sandinista:   |b a defender el voto /  |c Scarlet Cuadra  
773 |g volumen16, número401 (1996), páginas 6-7  
999 |c 18559  |d 18559